Η ελληνική εξωτερική πολιτική

Αποθηκεύτηκε σε:
Λεπτομέρειες βιβλιογραφικής εγγραφής
Κύριος συγγραφέας: Σβολόπουλος, Κωνσταντίνος Δ.
Μορφή: Βιβλίο
Γλώσσα:Greek
Δημοσίευση: Αθήνα : Βιβλιοπωλείο της Εστίας, 2008.
Έκδοση:15η έκδ., 8η έκδ.
Σειρά:Πολιτική και ιστορία (Εστία) ; 31, 46
Θέματα:
Ετικέτες: Προσθήκη ετικέτας
Δεν υπάρχουν, Καταχωρήστε ετικέτα πρώτοι!

MARC

LEADER 00000cam a2200000 i 4500
001 1/24394
008 130114s1992 gr | ||| |||| ||gre||
020 |a 9600504326 
020 |a 9600509735 
035 |l 10113438 
040 |a GR-MY-UA  |b gre  |e aacr 
041 0 |a gre 
082 7 |a 327.495   |2 (22) 
100 1 |a Σβολόπουλος, Κωνσταντίνος Δ. 
245 1 2 |a Η ελληνική εξωτερική πολιτική /   |c Κωνσταντίνος Σβολόπουλος.  
250 |a 15η έκδ., 8η έκδ.  
260 |a Αθήνα :   |b Βιβλιοπωλείο της Εστίας,   |c 2008.  
300 |a 2 τ.;  |b φωτ. ;   |c 21 εκ.  
490 1 |a (Πολιτική και ιστορία / Εστία ;   |v  31, 46) 
504 |a Περιέχει βιβλιογραφικές παραπομπές και ευρετήριο.  
504 |a Περιέχει πηγές.  
505 8 |a Τ. 1. 1900-1945 -- τ. 2. 1945-1981. 
651 0 |a Greece  |x Foreign relations  |y 20th century. 
830 0 |a Πολιτική και ιστορία (Εστία)  |v  ; 31, 46 
852 |a INST  |b RHODES  |c EUDOXUS  |e 20130114  |h 327.495 ΣΒΟ  |p 005400034758  |q 005400034758  |t EDX  |y 0  |z τ.1 
852 |a INST  |b RHODES  |c EUDOXUS  |e 20130405  |h 327.495 ΣΒΟ  |p 005400035081  |q 005400035081  |t EDX  |y 0  |z τ.2 
852 |a INST  |b RHODES  |c EUDOXUS  |e 20130520  |h 327.495 ΣΒΟ  |p 005400035209  |q 005400035209  |t EDX  |y 0  |z τ.2 
852 |a INST  |b RHODES  |c EUDOXUS  |e 20130114  |h 327.495 ΣΒΟ  |p 005400034758  |q 005400034758  |t EDX  |v τ.1:  |y 0  |z τ.1 
852 |a INST  |b RHODES  |c EUDOXUS  |e 20130405  |h 327.495 ΣΒΟ  |p 005400035081  |q 005400035081  |t EDX  |v τ.2:  |y 0  |z τ.2 
852 |a INST  |b RHODES  |c EUDOXUS  |e 20130520  |h 327.495 ΣΒΟ  |p 005400035209  |q 005400035209  |t EDX  |v τ.2:  |y 0  |z τ.2 
853 |a INST  |b RHODES  |c EUDOXUS  |h 327.495 ΣΒΟ 
901 |a BIBL4-2013-1 
901 |a BIBL4-2013-2 
909 |a Ρ  |b 176321 
909 |a Ρ  |b 176612 
909 |a Ρ  |b 176738 
920 |a ΕΥΔΟΞΟΣ  |b ΕΠΙΣΤΡΟΦΗ  |y Ρόδος  |z 2013-01 
920 |a ΕΥΔΟΞΟΣ  |b ΕΠΙΣΤΡΟΦΗ  |y Ρόδος  |z 2013-04 
920 |a ΕΥΔΟΞΟΣ  |b ΠΑΡΑΓΓΕΛΙΑ  |y Ρόδος-ΤΜΣ  |z 2013-05 
970 |z 2013/01/14